A-Z: Answers containing "East" - Statistics

General Stats
  • This quiz has been taken 23 times
    6 since last reset
  • The average score is 5 of 26
Answer Stats
Initial Clue Answer % Correct
B Creature Beast
100%
F Large meal Feast
80%
N Part of the USA where New York is located North East
80%
E Important event in the Christian calendar Easter
60%
L The lowest amount Least
60%
Y Type of fungus used to make bread Yeast
60%
A Side by side and facing the same way Abreast
20%
R The original name of the robin Redbreast
20%
C Deciduous shrub Cotoneaster
0%
D London Underground station in the Barking area Dagenham East
0%
G A genus of fungi with a Latin name, whose outer peridium when dry splits into starlike segments Geastrum
0%
H American plant genus which illustrates a cool way to play the guitar Hippeastrum
0%
I Suburb of Melbourne named after a book by Walter Scott Ivanhoe East
0%
J Olivia Newton-John's widower, a strange generalist and businessman who spent years in the Amazon Rainforest researching medicinal plants John Easterling
0%
K Constituency of an English city on the river Humber Kingston upon Hull East
0%
M Snooker shot gets positive reaction in Auckland suburb Massey East
0%
O Plant which is a late rose variant Oleaster
0%
P A type of limestone which one can find Peastone
0%
Q Small town in Australia with a royal-sounding name Queanbeyan East
0%
S Wind which blows towards the north-west Southeasterner
0%
T Wild-sounding man who works as a logger Timberbeast
0%
U You and me are found at a northern Swedish city whose Östra railway station has this English translation Umeå East
0%
V An alternative word for the merganser (a sea duck), indicating that it has a soft, smooth front section of its body Velvetbreast
0%
W Suburb in Pennsylvania which is closer to Pittsburgh than the main town West Easton
0%
X New station in a central Chinese city of warriors Xi'an East
0%
Z Network of fictional flying animals from the Lone Wolf series of adventure books Zlanbeast
0%
No matching quizzes found
Score Distribution
Percent of People with Each Score
Percentile by Number Answered
Your Score History
You have not taken this quiz since the last reset